书目信息 |
| 题名: |
唐山
|
|
| 作者: | 曾文友 编著 | |
| 分册: | ||
| 出版信息: | 沈阳 白山出版社 1999 |
|
| 页数: | 166页 | |
| 开本: | 20cm | |
| 丛书名: | ||
| 单 册: | ||
| 中图分类: | F532.9 | |
| 科图分类: | ||
| 主题词: | 铁路运输--运输经济 | |
| 电子资源: | ||
| ISBN: | 7-80566-766-7 | |
| 000 | 00594nam0 2200205 450 | |
| 001 | 0766375979 | |
| 005 | 20070727155941.90 | |
| 010 | @a7-80566-766-7@dCNY10.00 | |
| 100 | @a20070720d1999 km y0chiy0120 ea | |
| 101 | 0 | @achi |
| 102 | @aCN@b210000 | |
| 200 | 1 | @a唐山@Atang shan@e中国铁路之源@f曾文友编著@Fceng wen you bian zhu |
| 210 | @a沈阳@c白山出版社@d1999 | |
| 215 | @a166页@d20cm | |
| 517 | 1 | @a中国铁路之源@Azhong guo tie lu zhi yuan |
| 606 | 0 | @a铁路运输@x运输经济 |
| 690 | @aF532.9@v3 | |
| 701 | 0 | @a曾文友@Aceng wen you@4编著 |
| 801 | 0 | @aCN@bPFT@c20070727 |
| 905 | @a10447@dF532.9@e6 | |
| 唐山:中国铁路之源/曾文友编著.-沈阳:白山出版社,1999 |
| 166页;20cm |
| ISBN 7-80566-766-7:CNY10.00 |
| ● |
| 相关链接 |
|
|
|
|
正题名:唐山
索取号:F532.9/6
 
预约/预借
| 序号 | 登录号 | 条形码 | 馆藏地/架位号 | 状态 | 备注 |
| 1 | 0769090 | 207690907 | 第一样本阅览室/ [索取号:F532.9/6] | 在馆 | |
| 2 | 0775650 | 207756506 | 密集书库/ [索取号:F532.9/6] | 在馆 |